[Event "GEO chT Clubs 2017"]
[Site "Tbilisi"]
[Date "2017.12.01"]
[Round "3"]
[White "Pipia, Ekaterine"]
[Black "Gvetadze, Sofio"]
[Result "0-1"]
[WhiteElo "1791"]
[BlackElo "2297"]
[Annotator "TA"]
[PlyCount "108"]
[EventDate "2017.??.??"]
[EventCountry "GEO"]
[SourceTitle "playchess.com"]
[Source "ChessBase"]
[SourceQuality "1"]

{[%evp 13,108,50,75,45,58,25,91,22,9,-94,-41,-49,-33,-84,-12,-29,-19,-25,-24,-12,-22,-71,-54,-47,-28,-118,-108,-124,-132,-119,-120,-108,-127,-128,-122,-174,-177,-216,-205,-1084,-1049,-965,-364,-916,-735,-730,-718,-825,-307,-307,-307,-300,-288,-372,-372,-372,-372,-372,-372,-372,-372,-462,-307,-307,-307,-307,-307,-368,-291,-358,-358,-363,-363,-360,-345,-372,-372,-357,-357,-350,-350,-479,-386,-423,-409,-402,-384,-645,-576,-29974,-29975,-29985,-29986,-29986,-29987,-29987,-29988]} 1. d4 Nf6 2. c4 c5 3. d5 g6 4. Nc3 Bg7 5. Nf3 O-O 6. e4 d6 7. h3 Na6 {LiveBook: 134 Games} 8. a3 {E90: King's Indian: Classical: Early deviations and 6 h3} (8. Bd3 e5 9. g4 h5 10. g5 Nh7 11. Be3 Bd7 12. Qd2 Nc7 13. a3 Qc8 14. h4 Bg4 15. Nh2 Bd7 16. b4 {0-1 (42) Potkin,V (2574)-Yuffa,D (2527) Sochi 2017}) 8... Nc7 9. Bd3 a6 (9... b5 $11 {keeps the balance.}) 10. Be3 (10. a4 $16) 10... b5 $1 $11 11. e5 $146 (11. O-O $11) ({Predecessor:} 11. cxb5 axb5 12. O-O Ba6 13. Qd2 Nd7 14. Bh6 b4 15. Bxg7 Kxg7 16. axb4 cxb4 17. Bxa6 Nxa6 {1-0 (31) Brown,R (1639)-Jendras,G (1905) Flint 2005}) 11... Nd7 (11... dxe5 $17 12. O-O bxc4 13. Bxc4 Bb7) 12. exd6 $15 exd6 13. O-O {[#]} (13. Rc1 $15) 13... bxc4 (13... Nb6 $1 $17 14. cxb5 Bxc3 15. bxc3 axb5) 14. Bxc4 $11 Nb6 15. Ba2 Nb5 16. Rc1 Bf5 17. a4 Nxc3 18. bxc3 Rb8 19. Bg5 {[#]} (19. Re1 $11) 19... Qd7 $1 $36 {[%mdl 2048] Black is in control.} 20. Nh4 Nxa4 21. Nxf5 Qxf5 22. Qxa4 {Strongly threatening Be7.} Qxg5 23. Qxa6 Rb2 24. Bc4 (24. Bb1 $17) 24... Be5 $19 {Threatens to win with ...Qf4.} 25. Rb1 Rc2 26. Rb3 $2 (26. Rbe1) 26... Qf4 {[%csl Ge5][%cal Rf4h2]} 27. g3 Qd2 $2 (27... Qf3 28. Bd3 Rd2) 28. Kg2 $2 (28. Bd3 Ra2 29. Qc4) 28... Qg5 {( -> ...Qxg3+)} 29. Be2 {[#]} Bxg3 $1 {[%mdl 512]} 30. Qd3 (30. fxg3 Re8) 30... Rxe2 $2 (30... Be5+ 31. Bg4 Rd2) 31. Qxe2 Bf4+ ({Don't take} 31... Qxd5+ 32. Qf3 $19) 32. Qg4 Qxd5+ 33. Kg1 Qxb3 34. Qxf4 Qxc3 35. Qxd6 {[%mdl 4096] Endgame KQR-KQR} c4 36. Qf4 Qd3 37. Rc1 c3 {...c2 is the strong threat.} 38. Qc7 Qxh3 39. Rxc3 Qf5 40. Rb3 Qg4+ 41. Rg3 Qd1+ 42. Kg2 Qd5+ 43. Kh2 Re8 44. Qf4 Re1 {[%csl Gd5][%cal Re1h1]} 45. Qf3 Qe5 46. Kg2 h5 {[%cal Bh7h5,Bh5h4][%mdl 32]} 47. Rh3 Re4 48. Rg3 Rf4 49. Qe3 Qd5+ 50. Kg1 $2 (50. Kf1 Qf5 51. Qd2) 50... Re4 51. Qf3 h4 {Black mates.} 52. Rh3 Re1+ 53. Kh2 Qe5+ 54. Kg2 Qg5+ {Precision: White = 36%, Black = 68%.} 0-1

[Event "GEO chT Clubs 2017"]
[Site "Tbilisi"]
[Date "2017.12.02"]
[Round "4"]
[White "Mchedlishvili, Mikheil"]
[Black "Tutisani, Noe"]
[Result "1-0"]
[WhiteElo "2604"]
[BlackElo "2361"]
[Annotator "TA"]
[PlyCount "77"]
[EventDate "2017.??.??"]
[EventCountry "GEO"]
[SourceTitle "playchess.com"]
[Source "ChessBase"]
[SourceQuality "1"]

{[%evp 19,77,48,44,43,33,41,50,42,50,50,115,112,148,144,164,176,161,160,160,165,168,163,155,127,247,187,219,173,205,203,200,224,262,261,249,259,270,239,214,193,185,106,272,250,256,213,452,434,457,431,575,469,575,575,575,565,539,456,624,606]} 1. Nf3 Nf6 2. d4 g6 3. c4 Bg7 4. Nc3 O-O 5. e4 d6 6. Be2 e5 7. Be3 Nbd7 8. O-O Ng4 9. Bg5 f6 10. Bh4 Nh6 {LiveBook: 101 Games. E94: King's Indian: Classical: 6 Be2 e5 7 0-0: Various Black 7th moves} 11. c5 (11. dxe5 dxe5 12. b4 c6 13. c5 Qe7 14. a3 Re8 15. Qb3+ Kh8 16. Bc4 Nf8 17. Rfd1 Bg4 18. Ne2 g5 19. Bg3 f5 {0-1 (48) Mchedlishvili,M (2604)-Pancevski,F (2489) Heraklio 2017}) 11... g5 12. Bg3 g4 {White is slightly better.} 13. Nh4 exd4 14. Qxd4 Nxc5 ({Black should play} 14... f5 $14 15. Qd5+ Kh8) 15. Nf5 $1 $16 Nxf5 $146 ({Predecessor:} 15... Kh8 16. Nxg7 Kxg7 17. Rac1 Nf7 18. Nd5 {0-1 (66) Matthiesen,A (2345)-Kristiansen,J (2419) Denmark 2013}) 16. exf5 Bxf5 17. b4 $1 $36 {[%cal Rb4c5][%mdl 2048] White is on the roll.} Bg6 18. bxc5 f5 19. Qc4+ Bf7 20. Qd3 $1 {Strongly threatening Rac1.} dxc5 {aiming for ...Qxd3.} 21. Rac1 (21. Qxf5 $6 Bxc3 22. Rad1 Qf6 $14) 21... Qg5 (21... Qxd3 $16 22. Bxd3 c6 23. Bxf5 Bc4) 22. Bxc7 Rac8 23. Qg3 a6 24. Bf4 Qg6 25. Be5 Bxe5 26. Qxe5 Rfe8 27. Qf4 Rcd8 28. Rcd1 Rxd1 29. Bxd1 Qf6 30. Ne2 (30. Na4 $18) 30... Qe5 $2 (30... Bxa2 $16 {might work better.} 31. Ng3 Qe5 32. Qg5+ (32. Qxf5 Qxf5 33. Nxf5 Bc4 $16) 32... Kh8) 31. Qg5+ $18 Kh8 32. Nf4 Bc4 $2 {[#]} (32... b5 {was called for.} 33. Bc2 Bxa2) 33. Bb3 $1 {White is clearly winning.} Rg8 ({Worse is} 33... Bxf1 {[#]} 34. Ng6+ $1 {[%mdl 512]} Kg7 35. Nxe5+ Kh8 36. Nf7#) 34. Qh6 b5 35. g3 a5 36. Bxc4 bxc4 37. Rc1 c3 38. Qe6 Qd4 39. Ne2 {Precision: White = 85%, Black = 45%.} 1-0

[Event "GEO chT Clubs 2017"]
[Site "Tbilisi"]
[Date "2017.12.02"]
[Round "4"]
[White "Pantsulaia, Levan"]
[Black "Siprashvili, Ivane"]
[Result "1-0"]
[WhiteElo "2591"]
[BlackElo "1962"]
[Annotator "TA"]
[PlyCount "123"]
[EventDate "2017.??.??"]
[EventCountry "GEO"]
[SourceTitle "playchess.com"]
[Source "ChessBase"]
[SourceQuality "1"]

{[%evp 14,123,38,23,39,40,53,57,46,44,57,27,34,15,17,11,21,8,3,0,0,-7,26,9,50,32,38,12,12,10,9,21,29,0,0,0,0,0,14,25,38,29,43,43,42,42,40,8,40,26,37,31,36,22,22,22,30,22,17,14,27,0,6,0,7,7,30,0,0,0,0,0,0,0,0,0,83,86,82,82,82,91,88,83,226,226,226,225,203,215,200,198,237,224,287,168,12822,9093,12821,2527,12832,12832,1364,12828,3020,1980,12845,12845,12850,12850,12851,29945]} 1. Nf3 Nf6 2. g3 g6 3. b3 Bg7 4. Bb2 d6 5. d4 O-O 6. Bg2 c6 7. O-O a5 8. c4 {LiveBook: 40 Games} Bg4 {A49: 1 d4 Nf6 2 Nf3 g6 3 g3: Anti-King's Indian systems} 9. Nc3 Nbd7 10. h3 Bxf3 $1 {White is slightly better.} 11. Bxf3 Re8 12. d5 $146 ({Predecessor:} 12. Qc2 Rc8 13. Rfd1 e6 14. Rac1 d5 15. e4 dxe4 16. Nxe4 Nxe4 17. Bxe4 {0-1 (80) Gasthofer,A (2452)-Pelletier,Y (2557) Zuerich 2008}) 12... cxd5 13. cxd5 Nc5 14. Rb1 {[%cal Ba1b1,Bb1c1,Bc1c4,Bc4b4][%mdl 32]} Qd7 15. Bg2 b5 {[%cal Bb7b5,Bb5b4][%mdl 32]} 16. e3 b4 17. Ne2 $1 Rac8 18. Rc1 Qb5 19. Rc4 Qa6 20. Qd2 a4 21. Rxb4 axb3 22. axb3 Qd3 23. Rd1 Qxd2 $1 24. Rxd2 Rb8 25. Bc3 Rxb4 26. Bxb4 Nxb3 27. Rb2 Nc5 28. Bxc5 dxc5 29. Rb7 Bf8 30. Nc3 e6 31. Rc7 exd5 32. Bxd5 Re7 33. Rc6 Kg7 34. Kg2 Ra7 35. Bc4 Be7 36. g4 h6 37. Nb5 Rd7 38. Nc3 Rd2 39. Rc7 Rd7 40. Rc6 Rd2 41. Rb6 Rc2 42. Rb3 Ne4 43. Nxe4 Rxc4 $11 {[%mdl 4096] Endgame KRB-KRN} 44. Kf3 f5 (44... Rc2 $11 {remains equal.}) 45. gxf5 $16 gxf5 46. Ng3 {aiming for Rb6.} Kf6 47. Rb7 Rb4 48. Rc7 Rb6 {[#]} (48... Bf8 $16) 49. Nxf5 $1 $18 {[%mdl 512]} Kxf5 50. Rxe7 {KR-KR} Rc6 51. Ke2 c4 52. Kd2 c3+ 53. Kc2 Kg5 54. Re4 (54. f4+ $142 Kf6 55. Re5) 54... Rf6 $2 {[#]} (54... Rc7 55. Rb4 Rc8 56. Rg4+ Kf6 57. Rf4+ Kg5 58. Rg4+ Kf6) 55. Rg4+ $1 {White is clearly winning.} Kh5 56. f4 Re6 57. Rg3 Rc6 58. f5 Kh4 59. Rf3 Kg5 {[#]} 60. f6 $1 {[%mdl 512] Intending f7 and mate.} Rxf6 61. Rxf6 Kxf6 62. Kxc3 {Precision: White = 66%, Black = 40%.} 1-0

[Event "GEO chT Clubs 2017"]
[Site "Tbilisi"]
[Date "2017.12.02"]
[Round "4"]
[White "Sturua, Zurab"]
[Black "Mgeladze, Tamaz"]
[Result "1-0"]
[WhiteElo "2536"]
[BlackElo "2303"]
[Annotator "TA"]
[PlyCount "133"]
[EventDate "2017.??.??"]
[EventCountry "GEO"]
[SourceTitle "playchess.com"]
[Source "ChessBase"]
[SourceQuality "1"]

{[%evp 9,133,19,39,38,30,0,7,0,16,0,4,10,54,54,54,55,56,56,54,49,85,89,101,61,75,47,66,83,67,86,225,209,350,357,424,421,408,375,578,575,575,572,551,555,512,279,246,234,231,226,187,133,133,141,141,43,56,12,12,0,49,49,51,50,56,34,80,78,85,88,172,174,238,242,248,263,237,242,347,343,327,334,322,318,354,232,219,206,475,469,463,441,382,313,284,270,462,405,609,633,618,621,572,558,835,797,1330,1413,4898,4020,5409,5221,5010,4798,8129,8991,29961,29965,29965,29966,29966,29966,29955,12721,8494,8293]} 1. d4 Nf6 2. Nf3 g6 3. c4 Bg7 4. g3 c5 5. Bg2 Nc6 {LiveBook: 15 Games} (5... cxd4 6. Nxd4 Nc6 7. Nc3 O-O 8. O-O Qa5 9. Nb3 Qh5 10. Nd5 d6 11. Nf4 Qe5 12. e4 a5 13. a4 Nb4 14. Re1 Re8 15. Bd2 Nh5 16. Bc3 Qg5 17. h4 Qh6 {1-0 (45) Grischuk,A (2783)-Navara,D (2737) Tbilisi 2017}) 6. d5 {E60: King's Indian: Unusual lines and Fianchetto Variation without Nc3} Na5 7. Qa4 O-O 8. Bd2 {The position is equal.} b6 9. Bc3 d6 10. Nbd2 Qd7 $146 ({Predecessor:} 10... Bd7 11. Qc2 b5 12. b3 Rb8 13. O-O Bf5 {0-1 (25) Markovic,N (1920)-Radosevic,N (2184) Belgrade 2008}) 11. Qc2 Rb8 12. O-O e5 13. Ne1 Nb7 14. Nd3 Nd8 15. e4 Ne8 16. a3 f5 17. Rae1 b5 18. b3 Nf7 19. f4 exf4 (19... Qb7 $16) 20. Nxf4 $18 ({Don't play} 20. Rxf4 $6 bxc4 21. bxc4 (21. Nxc4 Qb5 $14) 21... Qd8 $14) 20... b4 (20... bxc4 $142 21. Nxc4 Qb5) 21. axb4 cxb4 22. Bxg7 Nxg7 {[#]} 23. Ne6 $1 {[%mdl 512]} Nxe6 (23... a5 $142 24. Nxf8 Kxf8) 24. dxe6 Qxe6 25. exf5 Qf6 26. fxg6 Qxg6 27. Ne4 Bf5 28. Qb2 Bxe4 29. Bxe4 Qg7 30. Qxg7+ (30. Qd2 $18 Kh8 31. Bg2) 30... Kxg7 $16 31. Ra1 Rbe8 32. Bc6 (32. Bd5 $16 Re7 33. Ra4) 32... Re7 $1 $14 33. Rad1 Re3 34. Rf3 (34. Ba4 {with more complications.} Rc8 35. Kf2 Re7 36. Rfe1 Kf6 37. Re3) 34... Rxf3 (34... Rfe8 $5) 35. Bxf3 $11 {[%mdl 4096] Endgame KRB-KRN} Re8 36. Kf2 Ne5 {[#] ...Rf8 is the strong threat.} 37. Be2 (37. Kg2 {looks sharper.} Re6 38. Rd2 Kf6 39. Bb7 Kg7 40. Bc8) 37... Re6 38. Ra1 Re7 39. Ra6 Rd7 (39... Nf7 $16) 40. Ke3 $18 Kf7 (40... Re7 $142) 41. Kd4 Ke7 42. Kd5 Nf7 43. Bh5 Nd8 (43... Kf8 $142 44. Ra4 Nd8 45. Rxb4 Ke7) 44. Bg4 Rc7 45. Rxd6 Nb7 46. Rh6 Kd8 47. Bf5 {Hoping for g4.} Rc5+ 48. Ke4 Ra5 $2 (48... Na5 {was called for.} 49. Rxh7 Nxb3 50. Rxa7 Nd2+ 51. Kf4 Rxc4+ 52. Ke5 Nf3+ 53. Kd6 Rd4+ 54. Kc5 b3) 49. Kf4 Nc5 50. Rxh7 Nxb3 51. Rd7+ Ke8 {Strongly threatening ...Rxf5+!} 52. Rb7 Ra3 $2 (52... Nd4) 53. Rxb4 a5 (53... Nd4 $142 54. Rb7 Nxf5) 54. Rb8+ Ke7 55. h4 Nd4 56. g4 Rc3 57. Rb7+ Kf8 58. Rc7 a4 59. Ke5 Nxf5 60. Kxf5 {KR-KR} a3 61. Ra7 Rxc4 62. Rxa3 Rc5+ 63. Kg6 Rc6+ 64. Kh7 Rc7+ 65. Kh8 Rc4 66. Rf3+ Ke7 67. g5 {Precision: White = 60%, Black = 44%.} 1-0

[Event "GEO chT Clubs 2017"]
[Site "Tbilisi"]
[Date "2017.12.02"]
[Round "4"]
[White "Benidze, Davit"]
[Black "Ghvamberia, Nika"]
[Result "1-0"]
[WhiteElo "2512"]
[BlackElo "2232"]
[Annotator "TA"]
[PlyCount "116"]
[EventDate "2017.??.??"]
[EventCountry "GEO"]
[SourceTitle "playchess.com"]
[Source "ChessBase"]
[SourceQuality "1"]

{[%evp 21,116,32,32,32,39,27,31,30,36,20,31,24,20,25,31,3,11,0,0,0,0,-4,-14,-14,25,20,28,0,0,0,0,0,0,0,77,77,87,81,81,77,80,80,109,111,156,156,156,156,156,147,156,156,156,131,131,98,131,79,79,79,158,125,131,131,179,179,199,199,199,199,199,199,199,199,199,150,150,150,150,143,143,143,143,117,208,208,208,208,208,208,207,207,181,139,545,545,29981]} 1. Nf3 d5 2. g3 Bg4 3. Bg2 c6 4. O-O Nd7 5. d4 e6 6. Nbd2 Ngf6 7. Re1 Bd6 8. e4 dxe4 9. Nxe4 Nxe4 10. Rxe4 Nf6 {D02: 1 d4 d5 2 Nf3 sidelines, including 2...Nf6 3 g3 and 2...Nf6 3 Bf4} (10... Bh5 11. h3 O-O 12. Re1 Re8 13. g4 Bg6 14. Ne5 Nxe5 15. dxe5 Bc5 16. c3 Qh4 17. Qf3 Red8 18. Bf1 {0-1 (58) Karthikeyan,M (2578)-Lu,S (2624) Liaocheng 2017}) 11. Re1 O-O {LiveBook: 33 Games} 12. h3 Bxf3 {White is slightly better.} 13. Qxf3 Be7 $146 ({Predecessor:} 13... Qa5 14. c3 Rfe8 15. a4 e5 16. Qf5 Qc7 17. Bg5 Nd7 18. d5 {1-0 (44) Doye,P (2311)-Sande,O (2259) ICCF email 2007}) 14. c3 a5 15. Qe2 Re8 16. Bd2 a4 17. Rad1 Qb6 18. Be3 Nd5 19. Bd2 Qxb2 20. Rb1 Qxa2 {Black wants to play ...b5.} 21. c4 Nf6 22. Qd3 Red8 23. Rxb7 Qa3 24. Qxa3 Bxa3 25. Be3 $36 {[%mdl 2048] White has some pressure.} Bf8 26. Bxc6 a3 27. Rb6 Rac8 (27... Rdb8 $11 28. Rxb8 Rxb8) 28. c5 $1 $16 Nd5 29. Bxd5 $1 Rxd5 30. Ra6 e5 31. dxe5 Rxe5 32. Rc1 $1 Rxe3 33. fxe3 {c6 is the strong threat.} Rxc5 34. Rxc5 Bxc5 {[%mdl 4096] Endgame KR-KB} 35. Ra8+ Bf8 36. e4 f6 37. Kf2 Kf7 38. Ke3 h5 {[#]} 39. e5 $1 {[%mdl 512]} fxe5 40. Ke4 Be7 (40... g6 $142 41. Kxe5 Bg7+ 42. Ke4 Bb2) 41. Ra7 {[%mdl 1024] White has strong compensation.} Ke6 42. Ra6+ Bd6 43. Rb6 $1 Ke7 {[#]} 44. Kd5 $1 a2 45. Ra6 {Threatens to win with Ra7+.} Bb4 46. Rxa2 Bc3 47. Ra6 Kf7 48. Ke4 {And now Kf5 would win.} g6 49. Ra3 Bd4 50. Kd5 Kf6 51. Rf3+ Kg5 52. Ke4 h4 {[#]} (52... Kh6 $16 {keeps fighting.} 53. Rf8 Kg7) 53. g4 $1 $18 Bb2 54. Rf2 Bc3 55. Rc2 Bd4 56. Rc6 Bb2 57. Re6 Bc3 $2 {[%mdl 8192]} (57... Kh6 $16 {is more resistant.} 58. Ra6 Kg5) 58. Rxe5+ Bxe5 {Precision: White = 73%, Black = 59%.} 1-0

[Event "GEO chT Clubs 2017"]
[Site "Tbilisi"]
[Date "2017.12.02"]
[Round "4"]
[White "Maghalashvili, Davit"]
[Black "Volkov, Nika"]
[Result "1-0"]
[WhiteElo "2496"]
[BlackElo "1982"]
[Annotator "TA"]
[PlyCount "101"]
[EventDate "2017.??.??"]
[EventCountry "GEO"]
[SourceTitle "playchess.com"]
[Source "ChessBase"]
[SourceQuality "1"]

{[%evp 15,101,22,29,4,29,4,34,18,20,14,22,14,16,2,56,49,63,31,165,175,173,163,167,165,198,189,172,173,212,187,195,201,216,226,220,218,225,235,220,224,243,244,770,250,875,398,418,418,406,401,401,394,355,355,544,552,539,534,529,509,500,484,529,601,671,639,624,610,879,863,862,858,831,814,674,646,968,881,870,851,864,825,812,705,764,726,29983,29984]} 1. Nf3 d5 2. g3 Bg4 3. Bg2 c6 4. O-O Nd7 5. d4 e6 6. Nbd2 Bd6 {A07: Réti Opening: New York and Capablanca Systems} 7. e4 Ne7 8. c4 (8. Re1 O-O 9. h3 Bh5 10. c3 Rc8 11. Qb3 b6 12. c4 Bb8 13. Qa3 Nf6 14. cxd5 cxd5 {1-0 (74) Gabuzyan,H (2570)-Jobava,B (2713) Minsk 2017}) 8... O-O {LiveBook: 4 Games. The position is equal.} 9. Re1 Rc8 $146 ({Predecessor:} 9... Bh5 10. Qb3 Rb8 11. Qc2 a5 12. b3 b5 13. Bb2 Re8 14. Rac1 bxc4 15. bxc4 {½-½ (44) Schulz,K (2352)-Malakhatko,V (2543) Deizisau 2004}) 10. b3 e5 (10... Bb4 {keeps more tension.} 11. Bb2 dxc4 12. bxc4 e5 13. Qc2 Bxf3 14. Bxf3 exd4 15. Bxd4 c5) 11. h3 (11. exd5 {feels hotter.} cxd5 12. cxd5 exd4 13. h3 Bh5 14. g4) 11... Bxf3 12. Nxf3 {[%cal Bd2f3,Bf3d4,Bd4f5,Bf5e7][%mdl 32] With the idea exd5.} dxe4 13. dxe5 Nxe5 14. Rxe4 Qc7 ({Better is} 14... Nxf3+ $11 15. Qxf3 (15. Bxf3 Ng6 $14) 15... f5) 15. Bb2 $36 {[%mdl 2048] White is more active.} N7g6 16. Nd4 Nd7 (16... Bc5 $14) 17. Nf5 $18 Be5 18. Bxe5 $1 Ndxe5 19. Qe2 Nd7 20. Ne7+ $1 Nxe7 21. Rxe7 Rcd8 22. Rd1 Qc8 23. Qe3 a6 {[#]} 24. Bf3 $1 {[%cal Rf3g4]} Nf6 25. Rxd8 Rxd8 {[#]} 26. Qa7 $1 Nd7 27. Bg4 Kf8 28. Qe3 {Strongly threatening c5.} g6 $2 (28... c5 29. Kh2 b6) 29. h4 $2 (29. Bxd7 Rxd7 30. Qe5) 29... h5 $2 (29... c5 30. Bf3 Nf6 31. Rxb7 Re8) 30. Bh3 (30. Bxd7 $142 Rxd7 31. Qe5) 30... c5 31. Qg5 {aiming for Be6!} Qc6 {Threatening ...f6.} 32. Rxf7+ Kxf7 33. Qxd8 Nf6 34. Bg2 Qd7 (34... Qe8 $142 35. Qc7+ Qe7 36. Qxe7+ Kxe7 37. Bxb7 a5) 35. Qxd7+ Nxd7 36. Bxb7 {[%mdl 4096] Endgame KB-KN} a5 37. Kf1 Ne5 38. Ke2 Ke7 39. Bd5 Kf6 40. f3 Nd7 41. Ke3 Kf5 42. Be4+ Kf6 43. Kf4 Nf8 44. Bd5 Nh7 45. Bg8 g5+ 46. Ke3 Nf8 47. hxg5+ Kxg5 48. Ke4 Ng6 49. Bf7 Ne7 50. Ke5 Nf5 51. f4+ {Precision: White = 73%, Black = 40%.} 1-0

[Event "GEO chT Clubs 2017"]
[Site "Tbilisi"]
[Date "2017.12.02"]
[Round "4"]
[White "Azaladze, Shota"]
[Black "Kikilashvili, Soso"]
[Result "1-0"]
[WhiteElo "2464"]
[BlackElo "1875"]
[Annotator "TA"]
[PlyCount "79"]
[EventDate "2017.??.??"]
[EventCountry "GEO"]
[SourceTitle "playchess.com"]
[Source "ChessBase"]
[SourceQuality "1"]

{[%evp 11,79,30,37,10,27,21,18,28,38,30,26,19,37,-55,-57,-52,29,0,0,7,0,-67,52,45,56,58,17,-256,-256,-256,-256,-256,-258,-239,-264,-246,-260,-489,372,370,380,97,98,103,105,106,118,103,129,125,116,110,143,144,254,260,319,310,309,310,293,280,371,370,374,335,338,331,442,433]} 1. Nf3 d5 2. g3 Bg4 3. Bg2 c6 4. O-O Nf6 5. d3 Bxf3 (5... Nbd7 6. h3 Bh5 7. Nbd2 e5 8. e4 Be7 9. Qe1 O-O 10. Nh4 Re8 11. Nf5 Bf8 12. Nb3 Qc7 13. a4 h6 14. Nh4 dxe4 15. dxe4 c5 16. Nd2 c4 17. Nb1 Nc5 18. g4 Bg6 19. Nxg6 fxg6 {1-0 (63) Malakhov,V (2712)-Rodshtein,M (2698) Chartres 2017}) 6. Bxf3 {A07: Réti Opening: New York and Capablanca Systems} Nbd7 {LiveBook: 11 Games} 7. Bg2 e6 8. e4 {White has an edge.} dxe4 9. dxe4 Bc5 10. Qe2 $146 ({Predecessor:} 10. Nd2 Qc7 11. Qe2 h5 12. Nf3 Ng4 13. Bf4 {1-0 (40) Fridman,D (2520)-Kasnitz,M (2275) Germany 1999}) 10... h5 11. Nd2 h4 12. e5 (12. Nc4 $14) 12... hxg3 $15 13. hxg3 Qc7 (13... Nh5 $1 $15 14. Qf3 (14. Ne4 $2 Nxg3 15. Nxg3 Qh4 $19) 14... Nxe5) 14. exf6 Qxg3 $1 {[%csl Gh8][%cal Rg3h2]} 15. Nf3 {Be3 is the strong threat.} gxf6 $40 {[%mdl 128] Strongly threatening ...Qg4. Black has some attack.} 16. Be3 (16. Rd1 $1 $11) 16... Bxe3 (16... Qg4 $1 $15 17. Nd4 Qh4) 17. Qxe3 $14 Qg6 18. Rfd1 $1 O-O-O $1 19. Rd4 $2 {[%mdl 8192]} (19. Ne1 $11 {and White has nothing to worry.}) 19... Rdg8 $19 {[%csl Gg8][%cal Rg6g2]} 20. Ne1 Qh5 {[%csl Gh8][%cal Rh5h1]} 21. Kf1 {[#]} Rxg2 $1 {[%mdl 512]} 22. Nxg2 Qh1+ 23. Ke2 Qxa1 24. Qa3 $2 (24. Qd3 Nb6 25. Qa3) 24... Nb6 $4 {[%mdl 8192]} (24... Rh1 $19 {and life is good for Black.} 25. Qg3 Qxb2 26. Qg8+ Kc7 27. Rxd7+ Kxd7 28. Qxf7+ Kd8) 25. Rd1 $18 Nc4 26. Rxa1 $2 (26. Qxa7 $18 {is the precise move to win.} Qxb2 27. Qa8+ Kc7 28. Qxh8 Qxc2+ 29. Ke1 Qc3+ 30. Kf1) 26... Nxa3 $16 27. bxa3 $18 {[%mdl 4096] Endgame KRN-KR} Rh5 28. Rd1 Kc7 29. Rd3 Rc5 30. Ne3 f5 {intending ...f4.} 31. Kd2 Rb5 32. Nc4 f6 {[#]} (32... Rd5 $16 {is a better defense.} 33. a4 f6) 33. Nd6 $1 {[%cal Rd6b5]} Rb2 34. Kc1 Rb6 35. Ne8+ Kc8 36. Nxf6 c5 37. Nd7 Rc6 38. Ne5 Rc7 39. a4 c4 40. Rc3 {Precision: White = 39%, Black = 43%.} 1-0

[Event "GEO chT Clubs 2017"]
[Site "Tbilisi"]
[Date "2017.12.02"]
[Round "4"]
[White "Khotenashvili, Bela"]
[Black "Janiashvili, Mariami"]
[Result "1-0"]
[WhiteElo "2455"]
[BlackElo "1995"]
[Annotator "TA"]
[PlyCount "113"]
[EventDate "2017.??.??"]
[EventCountry "GEO"]
[SourceTitle "playchess.com"]
[Source "ChessBase"]
[SourceQuality "1"]

{[%evp 15,113,6,2,-15,25,-2,43,0,37,26,26,30,23,29,108,98,83,72,107,38,83,29,50,50,85,27,34,13,47,2,35,14,9,2,102,103,80,70,83,70,114,36,41,7,7,8,17,0,110,71,110,103,106,102,101,52,40,38,85,90,125,120,124,126,107,110,118,118,120,123,164,172,220,214,364,345,328,304,470,460,453,430,462,431,850,827,29974,29975,29975,29976,29973,29974,29974,11251,29978,29979,29979,29980,29979,29980]} 1. Nf3 d5 2. c4 e6 3. g3 Nf6 4. Bg2 c6 5. b3 Bd6 6. Bb2 O-O 7. O-O Nbd7 8. d3 e5 {LiveBook: 13 Partien} 9. a3 {A13: Reti-Eröffnung} (9. Qc2 Re8 10. Nbd2 Nf8 11. a3 Bg4 12. b4 Qd7 13. e4 Rad8 14. exd5 cxd5 15. Rfe1 Ng6 16. cxd5 Nxd5 {1-0 (24) Novikov,S (2523)-Rodin,M (2362) Saratov 2008}) 9... a5 $146 ({Vorgänger:} 9... Re8 10. Nc3 Nf8 11. cxd5 cxd5 12. Nd2 Be6 13. e4 d4 14. Nd5 Rc8 15. Nxf6+ Qxf6 16. Nc4 Bb8 {0-1 (35) Karttunen,M (2396)-Lehti,J (2196) Helsinki 2003}) 10. Qc2 Qe7 11. Nh4 {Weiß steht etwas besser.} g6 12. cxd5 cxd5 13. Nc3 Nb6 14. Nb5 Bg4 (14... Bb8 $1 $11 {bleibt in der Remisbreite.}) 15. Nxd6 $16 Qxd6 16. Qd2 Rfe8 17. a4 (17. f4 $16 d4 18. fxe5 (18. Bxb7 Rab8 $14) 18... Rxe5 19. Qf4 (19. Bxb7 Rb8 $16)) 17... Nbd7 18. Nf3 ({Besser ist} 18. h3 $16 Be6 19. f4) 18... Nc5 19. Ba3 Qb6 20. Rab1 ({Günstiger ist} 20. d4 $16 Nce4 21. Qb2) 20... Na6 $11 21. Bb2 Bxf3 22. Bxf3 Rac8 23. Rfc1 Rxc1+ 24. Qxc1 d4 (24... Nb4 $11) 25. Ba3 Nb4 26. Bxb4 Qxb4 27. Qc4 $1 Qb6 28. Rc1 (28. Kg2 $16) 28... Kg7 $14 29. Qb5 Qxb5 30. axb5 $11 {[%mdl 4096] Endspiel KTL-KTS} b6 31. Rc7 Rb8 (31... e4 $1 $11 32. dxe4 Nxe4) 32. Re7 Ne8 33. Bc6 Kf8 34. Rxe5 Nc7 35. Kf1 Rd8 36. Ke1 Ne6 37. Kd2 Nc5 {[#]} 38. Kc2 $1 f6 39. Rd5 Rxd5 40. Bxd5 $16 {KL-KS} Ke7 41. e3 dxe3 42. fxe3 {[%cal Bf2e3,Be3e4][%mdl 32]} Kd6 {[#]} 43. Bg8 $1 h6 44. d4 Nd7 (44... Nb7 $142 45. Bh7 g5) 45. e4 $18 Nf8 46. Kd3 Nd7 (46... Ke7 $142 47. Ke3 g5) 47. Ke3 Nf8 48. Kf4 Nd7 49. g4 Nf8 (49... Ke7 $142 50. h4 Nf8) 50. h4 g5+ 51. hxg5 hxg5+ 52. Kf5 Ke7 53. Bd5 Nd7 54. Kg6 Nf8+ 55. Kg7 {Weiß setzt Matt.} Nd7 56. Bc6 Nf8 57. d5 {Precision: Weiß = 55%, Schwarz = 23%.} 1-0